Almanaque histórico de Chile 1890-1990
Сохранить в:
| Главные авторы: | , |
|---|---|
| Другие авторы: | |
| Формат: | |
| Язык: | испанский |
| Опубликовано: |
Santiago, Chile
Los Andes
1994
|
| Предметы: | |
| Метки: |
Добавить метку
Нет меток, Требуется 1-ая метка записи!
|
MARC
| LEADER | 00000nam a2200000 a 4500 | ||
|---|---|---|---|
| 001 | UCZ2928 | ||
| 003 | CL-VaPUC | ||
| 005 | 20230123160505.0 | ||
| 008 | 951013e19940700CL |||||||||||||||||spa|d | ||
| 999 | |c 239464 |d 239462 | ||
| 040 | |c Pontificia Universidad Católica de Valparaíso | ||
| 082 | 0 | 4 | |a 983 CAC 1994 |2 21 |
| 100 | 0 | |a Cáceres, Gabriela |e author |9 346739 | |
| 245 | 1 | 0 | |a Almanaque histórico de Chile 1890-1990 |
| 260 | |a Santiago, Chile |b Los Andes |c 1994 | ||
| 300 | |a 160 páginas | ||
| 583 | |a last modification |c 19951013 00:00:00 |k Rodrigo Vera | ||
| 650 | 0 | |a Historia |x CRONOLOGIAS |9 255047 | |
| 700 | 0 | |a Godoy, Lorena |e author |9 346740 | |
| 700 | |a Palma Alvarado, Daniel |e autor |9 602651 | ||
| 852 | |a BIBCUR | ||
| 942 | |c BK |2 ddc | ||
| 945 | |d 19951013 00:00:00 |a awong | ||
| 952 | |0 0 |1 0 |2 ddc |4 0 |6 983_000000000000000_CAC_1994 |7 0 |8 X |9 250610 |a BIBHIS |b BIBHIS |d 2019-11-18 |i 3141144 |o 983 CAC 1994 |p 3141144 |r 2024-01-30 |t 1 |w 2019-11-18 |y BK_X |k HIS | ||